000 00683nam a2200181Ia 4500
005 20250423100733.0
008 250422s9999 xx 000 0 und d
020 _a9780194756426
050 _aPE 1128 .C37/
100 _aCaplan, Nigel A.
245 0 _aQ: skills for successs reading and writing 5.
260 _aNew York
260 _bOxford University Press
260 _c2011
300 _a277 p
650 _a English language--Study and teaching--Foreign speakers. English language--Textbooks for foreign speakers. English language--Conversation and phrase books. English language--Rhetoric. English language--Web-based instruction.
942 _cBK
999 _c34194
_d34194